000 02734nam a22003257a 4500
001 EPSCPA 0010
003 gtcocun
005 20250820190035.0
006 a||||gr|||| 00| 0
007 ta
008 250820b2015 gt ||||| m||| 00| 0 eng d
040 _agtcocun
_bSPA
_cgtcocun
_eRDA
041 _aSPA EPSCPA 0010
084 _0EPSCPA 0010
100 _aMaxena Pop, Nelson Anibal
_eAutor
245 _aINFORME FINAL DEL EJERCICIO PROFESIONAL SUPERVISADO REALIZADO EN PUNTOSCAN, S.A. COBÁN, ALTA VERAPAZ
_cNelson Anibal Maxena Pop.
_hImpreso
264 _aCobán, Alta Verapaz:
_bUniversidad de San Carlos de Guatemala, Centro Universitario del Norte, Carrera de Contaduría Pública y Auditoría
_c2015
300 _a77 p.:
_bIlustraciones, gráficas.
_c28 cm;
336 _2rdacontenido
_aTexto
_btxt
337 _2rdamedio
_aComputadora
_bn
338 _2rdasoporte
_aCódigo en línea
_bcr
502 _eEPSCPA 0010
502 _aTesis de grado
_bCarrera de Contaduría Pública y Auditoría,
_cUniversidad de San Carlos de Guatemala, Centro Universitario del Norte, Carrera de Contaduría Pública y Auditoría
_d2015
_oEPSCPA 0010
520 1 4 _aLa Universidad de San Carlos de Guatemala, en su carácter de única universidad estatal le corresponde con exclusividad dirigir, organizar y desarrollar la educación superior del Estado, a través de sus centros regionales en el territorio nacional. El Centro Universitario del Norte -CUNOR- es un centro regional ubicado en el área norte, específicamente en Cobán Alta Verapaz, y es la encargada de la educación superior. La Carrera de Contaduría Pública y Auditoría está compuesta por un pensum de estudios de cuarenta y cuatro cursos, de los cuales 43 se imparten en 11 semestres. El Ejercicio Profesional Supervisado -EPS- es el último curso de la carrera de contaduría, la cual es un programa, desarrollado en el plano de la docencia, la investigación y los servicios, donde el estudiante confronta la teoría con la práctica. El Ejercicio Profesional Supervisado se realizó en PUNTOSCAN S.A. que es una sociedad médica para el norte del país y por ende se pone de manifiesto en la misión, visión, y valores de la empresa. Se prestan los servicios de resonancia magnética 1.5T, tomografía multicortes, ultrasonido 3D/4D, mamografía digital, laboratorio clínico computarizado, densitometría ósea y rayos X digital.
650 _2LEMB
_aCobán, Alta Verapaz
_xAuditoría
_xSociedad médica
_xServicios de resonancia
_xDiagnóstico
_xPlanificación
700 _eAsesor
856 _uSin archivo en línea
_zSin archivo en línea
942 _2ddc
_cTES
_iEPSCPA 0010
_kClasificación
_n0
_6EPSCPA_0010_000000000000000
999 _c1244
_d1244